Statistics for Unique Lengths of Countries by Continent

Click here to take the quiz!

General Stats

  • This quiz has been taken 291 times
  • The average score is 17 of 24

Answer Stats

LengthCountry% Correct
5Chile
90%
4Peru
90%
28Democratic Republic of the Congo
84%
4Fiji
83%
9Australia
82%
4Cuba
80%
27Federated States of Micronesia
80%
10New Zealand
80%
28Saint Vincent & the Grenadines
80%
18Republic of the Congo
79%
6Tuvalu
77%
15Marshall Islands
75%
18Saint Kitts & Nevis
75%
12United States
75%
7Vanuatu
75%
8Kiribati
73%
22Central African Republic
72%
5Haiti
67%
20Bosnia & Herzegovina
64%
17São Tomé & Príncipe
57%
18United Arab Emirates
57%
12Turkmenistan
52%
16Equatorial Guinea
48%
12Guinea-Bissau
43%

Score Distribution

Percentile by Number Answered

Percent of People with Each Score

Your Score History

You have not taken this quiz